000 00836nas a2200265 4500
001 BR2011003623
003 BR-BrBNA
005 20231205115411.0
007 ta
008 230509b bl.|||p| |||| 00| 00por d
040 _aBR-BrBNA
_bpor
_cBiblioteca Nacional de Agricultura
041 _a(Pt)
072 _aE12
100 1 _aSampaio, C.A. de P.
100 1 _aNääs, I. de A.
100 1 _aSalgado, D.D.
245 1 _aBem-estar do trabalhador : estudo de caso em instalações para suínos
650 _aTRABALHADOR RURAL
650 _aINSTALAÇÃO PARA ANIMAL
650 _aSUÍNO
650 _aBEM-ESTAR
773 0 _tRevista Acadêmica. Ciências Agrárias e Ambientais (Brazil)
_xISSN 0103-989X
_g(Oct-Dec 2010), v. 8(4) p. 487-493
_wBR2011003623
909 _a202311
_bLúcia
_c55
_dLúcia Elande
942 _2AGRIS
_n0
_cANA
999 _c213611
_d213611